Capitales du monde - Statistiques

Statistiques générales
  • Ce quiz a été pris 796 fois
  • Le résultat moyen est 127 sur 201
Statistiques - réponses
Capitale Pays % Correct
Alger Algérie
95%
Berlin Allemagne
93%
Andorre-la-Vieille Andorre
93%
Athènes Grèce
93%
Buenos Aires Argentine
92%
Bruxelles Belgique
92%
Amsterdam Pays-Bas
92%
Brasilia Brésil
91%
Le Caire Égypte
91%
Berne Suisse
90%
Canberra Australie
89%
Dublin Irlande
89%
Copenhague Danemark
88%
Londres Royaume-Uni
88%
Ankara Turquie
88%
Madrid Espagne
87%
Bangkok Thaïlande
87%
Guatemala Guatemala
86%
Budapest Hongrie
86%
Bagdad Irak
86%
Beyrouth Liban
86%
Lisbonne Portugal
86%
Kiev Ukraine
86%
La Havane Cuba
85%
Djibouti Djibouti
85%
Helsinki Finlande
85%
Luxembourg Luxembourg
85%
Bogota Colombie
84%
Abou Dhabi Émirats arabes unis
84%
Paris France
84%
Jérusalem Israël
84%
Mexico Mexique
84%
Monaco Monaco
84%
Bucarest Roumanie
84%
Ottawa Canada
83%
New Delhi Inde
83%
Koweït Koweït
83%
Oslo Norvège
83%
Lima Pérou
83%
Moscou Russie
83%
Dakar Sénégal
83%
Pékin Chine
82%
Belgrade Serbie
82%
Rome Italie
81%
Panama Panama
81%
Bissau Guinée-Bissau
80%
Bratislava Slovaquie
80%
Stockholm Suède
80%
Caracas Venezuela
80%
Séoul Corée du Sud
79%
Tokyo Japon
79%
Rabat Maroc
79%
Singapour Singapour
79%
Tunis Tunisie
79%
Jakarta Indonésie
78%
Washington États-Unis
77%
Prague République tchèque
77%
Damas Syrie
77%
Vatican Vatican
77%
Hanoï Viêt Nam
77%
Vienne Autriche
76%
Reykjavik Islande
76%
Antananarivo Madagascar
76%
Sofia Bulgarie
75%
Pyongyang Corée du Nord
75%
Bamako Mali
75%
Asuncion Paraguay
75%
San Salvador Salvador
75%
Montevideo Uruguay
75%
Minsk Biélorussie
74%
Varsovie Pologne
74%
Kaboul Afghanistan
73%
Brazzaville République du Congo
73%
Santiago Chili
72%
Addis-Abeba Éthiopie
72%
Doha Qatar
72%
Saint-Marin Saint-Marin
72%
Ljubljana Slovénie
72%
Nicosie Chypre
71%
Kingston Jamaïque
71%
Nairobi Kenya
71%
Kuala Lumpur Malaisie
71%
Katmandou Népal
71%
Sarajevo Bosnie-Herzégovine
70%
Quito Équateur
70%
Port-au-Prince Haïti
70%
Téhéran Iran
70%
Riga Lettonie
70%
Manille Philippines
70%
Zagreb Croatie
69%
Tallinn Estonie
69%
Chisinau Moldavie
69%
Oulan-Bator Mongolie
69%
Islamabad Pakistan
69%
La Valette Malte
68%
Wellington Nouvelle-Zélande
68%
Erevan Arménie
67%
Amman Jordanie
67%
São Tomé Sao Tomé-et-Principe
67%
Riyad Arabie saoudite
66%
Gibraltar Gibraltar
66%
Vilnius Lituanie
66%
Kinshasa République démocratique du Congo
66%
Sri Jayawardenapura Sri Lanka
66%
Pretoria Afrique du Sud
65%
Tirana Albanie
65%
Phnom Penh Cambodge
65%
Tapeï Taiwan
65%
Sucre Bolivie
64%
Tripoli Libye
63%
Saint-Domingue République dominicaine
63%
Libreville Gabon
61%
Accra Ghana
61%
Skopje Macédoine
61%
Khartoum Soudan
61%
Ouagadougou Burkina Faso
60%
Conakry Guinée
60%
Astana Kazakhstan
60%
Bakou Azerbaïdjan
59%
Yaoundé Cameroun
58%
Podgorica Monténégro
58%
Belmopan Belize
57%
Pristina Kosovo
57%
Abuja Nigeria
57%
Dacca Bangladesh
56%
Freetown Sierra Leone
56%
Lomé Togo
56%
Nassau Bahamas
55%
San José Costa Rica
55%
Tbilissi Géorgie
55%
Vaduz Liechtenstein
55%
Niamey Niger
55%
Sanaa Yémen
55%
Mogadiscio Somalie
54%
Achgabat Turkménistan
54%
Luanda Angola
53%
Vientiane Laos
53%
Kigali Rwanda
53%
Bandar Seri Begawan Brunei
52%
Bangui République centrafricaine
52%
Harare Zimbabwe
52%
Malé Maldives
51%
N'Djaména Tchad
51%
Yamoussoukro Côte d'Ivoire
50%
Managua Nicaragua
50%
Mascate Oman
50%
Paramaribo Suriname
50%
Asmara Érythrée
49%
Tegucigalpa Honduras
49%
Nouakchott Mauritanie
49%
Georgetown Guyana
48%
Lilongwe Malawi
48%
Castries Sainte-Lucie
48%
Dili Timor oriental
47%
Porto-Novo Bénin
46%
Naypyidaw Birmanie
46%
Djouba Soudan du Sud
46%
Douchanbé Tadjikistan
46%
Dodoma Tanzanie
46%
Bridgetown Barbade
45%
Banjul Gambie
45%
Bichkek Kirghizistan
45%
Port-Louis Maurice
45%
Kampala Ouganda
45%
Basseterre Saint-Christophe-et-Niévès
45%
Victoria Seychelles
45%
Lusaka Zambie
45%
Roseau Dominique
44%
Gaborone Botswana
43%
Monrovia Liberia
43%
Maputo Mozambique
43%
Praia Cap-Vert
42%
Windhoek Namibie
41%
Port-d'Espagne Trinité-et-Tobago
41%
Moroni Comores
40%
Tachkent Ouzbékistan
40%
Port Moresby Papouasie-Nouvelle-Guinée
40%
Mbabane Swaziland
40%
Funafuti Tuvalu
40%
Bujumbura Burundi
39%
Malabo Guinée équatoriale
39%
Apia Samoa
39%
Manama Bahreïn
38%
Thimphou Bhoutan
38%
Maseru Lesotho
38%
Kingstown Saint-Vincent-et-les Grenadines
36%
Saint John's Antigua-et-Barbuda
35%
Suva Fidji
35%
Nuku'alofa Tonga
35%
Majuro Îles Marshall
32%
Port-Vila Vanuatu
32%
Palikir Micronésie
31%
Honiara Salomon
31%
Saint-Georges Grenade
30%
Dar es Salam Tanzanie
29%
Tarawa Kiribati
27%
Yaren Nauru
25%
Melekeok Palaos
18%
Hamilton Bermudes
13%
Fagatogo Samoa américaines
11%
Hagåtña Guam
10%
Aucun quiz correspondant
Distribution des résultats
% des personnes avec chaque résultat
Percentile par nombre de réponses
Votre historique - résultats
Vous n’avez pas pris ce quiz